LEADER 01507nas 2200409 a 450 001 9910133401303321 005 20040114100047.0 035 $a(CKB)3390000000047260 035 $a(OCoLC)54022148 035 9 $aocm54022148 035 $a(OCoLC)993390000000047260 035 $a(EXLCZ)993390000000047260 100 $a20040114b19uu2000 ua 101 0 $aeng 121 $a||af||||| 124 $bg 181 $ctxt$2rdacontent 182 $cc$2rdamedia 183 $acr$2rdacarrier 200 00$aState annual data summaries$iUtah cooperative snow survey data of federal-state-private cooperative snow surveys$b[electronic resource] 210 $a[Washingtion, D.C.] $cUnited States Dept. of Agriculture, Natural Resources Conservation Service, National Water and Climate Center$d-[2001] 300 $aDescription based on: 1995; title from title screen (viewed on Jan. 14, 2004). 517 3 $aUtah cooperative snow survey data of federal-state-private cooperative snow surveys 606 $aSnow surveys$zUtah$vStatistics$vPeriodicals 606 $aSnow$xMeasurement$vStatistics$vPeriodicals 606 $aSnow surveys$vStatistics$vPeriodicals 608 $aStatistics.$2lcgft 615 0$aSnow surveys 615 0$aSnow$xMeasurement 615 0$aSnow surveys 712 02$aNational Water and Climate Center (U.S.) 801 0$bGPO 801 1$bGPO 906 $aDOCUMENT 912 $a9910133401303321 996 $aState annual data summaries$93423906 997 $aUNINA LEADER 06041nam 22006375 450 001 9910300409303321 005 20251116133909.0 010 $a3-662-44662-6 024 7 $a10.1007/978-3-662-44662-1 035 $a(CKB)3710000000324643 035 $a(EBL)1965965 035 $a(OCoLC)908084486 035 $a(SSID)ssj0001408366 035 $a(PQKBManifestationID)11856292 035 $a(PQKBTitleCode)TC0001408366 035 $a(PQKBWorkID)11348288 035 $a(PQKB)11442246 035 $a(DE-He213)978-3-662-44662-1 035 $a(MiAaPQ)EBC1965965 035 $a(PPN)183148665 035 $a(EXLCZ)993710000000324643 100 $a20141226d2015 u| 0 101 0 $aeng 135 $aur|n|---||||| 181 $ctxt 182 $cc 183 $acr 200 14$aThe Quantum Dissidents $eRebuilding the Foundations of Quantum Mechanics (1950-1990) /$fby Olival Freire Junior 205 $a1st ed. 2015. 210 1$aBerlin, Heidelberg :$cSpringer Berlin Heidelberg :$cImprint: Springer,$d2015. 215 $a1 online resource (369 p.) 300 $aIncludes index. 311 08$a3-662-44661-8 327 $aDissidents and the Second Quantum Revolution -- Challenging the Monocracy of the Copenhagen School -- The Origin of the Everettian Heresy -- The Monocracy is Broken: Orthodoxy, Heterodoxy, and Wigner?s Case -- The Tausk Controversy on the Foundations of Quantum Mechanics: Physics, Philosophy, and Politics -- ?From the streets into academia? ? Political activism and the reconfiguration of physics around 1970 -- Philosophy enters the optics laboratory:  Bell?s theorem and its first experimental tests (1965?1982) -- The 1980s and Early 1990s, Research on Foundations Takes Off -- Coda: Quantum Dissidents - A Collective Biographical Profile -- The Monocracy is Broken: Orthodoxy, Heterodoxy, and Wigner?s Case -- The Tausk Controversy on the Foundations of Quantum Mechanics: Physics, Philosophy, and Politics -- ?From the streets into academia? ? Political activism and the reconfiguration of physics around 1970 -- Philosophy enters the optics laboratory:  Bell?s theorem and its first experimental tests (1965?1982) -- The 1980s and Early 1990s, Research on Foundations Takes Off -- Coda: Quantum Dissidents - A Collective Biographical Profile. ?From the streets into academia? ? Political activism and the reconfiguration of physics around 1970 -- Philosophy enters the optics laboratory:  Bell?s theorem and its first experimental tests (1965?1982) -- The 1980s and Early 1990s, Research on Foundations Takes Off -- Coda: Quantum Dissidents - A Collective Biographical Profile. Philosophy enters the optics laboratory:  Bell?s theorem and its first experimental tests (1965?1982) -- The 1980s and Early 1990s, Research on Foundations Takes Off -- Coda: Quantum Dissidents - A Collective Biographical Profile. The 1980s and Early 1990s, Research on Foundations Takes Off -- Coda: Quantum Dissidents - A Collective Biographical Profile. Philosophy enters the optics laboratory:  Bell?s theorem and its first experimental tests (1965?1982) -- The 1980s and Early 1990s, Research on Foundations Takes Off -- Coda: Quantum Dissidents - A Collective Biographical Profile. The 1980s and Early 1990s, Research on Foundations Takes Off -- Coda: Quantum Dissidents - A Collective Biographical Profile. The 1980s and Early 1990s, Research on Foundations Takes Off -- Coda: Quantum Dissidents - A Collective Biographical Profile. Philosophy enters the optics laboratory:  Bell?s theorem and its first experimental tests (1965?1982) -- The 1980s and Early 1990s, Research on Foundations Takes Off -- Coda: Quantum Dissidents - A Collective Biographical Profile. The 1980s and Early 1990s, Research on Foundations Takes Off -- Coda: Quantum Dissidents - A Collective Biographical Profile. The 1980s and Early 1990s, Research on Foundations Takes Off -- Coda: Quantum Dissidents - A Collective Biographical Profile. The 1980s and Early 1990s, Research on Foundations Takes Off -- Coda: Quantum Dissidents - A Collective Biographical Profile. 330 $aThis book tells the fascinating story of the people and events behind the turbulent changes in attitudes to quantum theory in the second half of the 20th century. The huge success of quantum mechanics as a predictive theory has been accompanied, from the very beginning, by doubts and controversy about its foundations and interpretation. This book looks in detail at how research on foundations evolved after WWII, when it was revived, until the mid 1990s, when most of this research merged into the technological promise of quantum information. It is the story of the quantum dissidents, the scientists who brought this subject from the margins of physics into its mainstream. It is also a history of concepts, experiments, and techniques, and of the relationships between physics and the world at large, touching on  themes such as the Cold War, McCarthyism, Zhdanovism, and the unrest of the late 1960s. 606 $aPhysics 606 $aQuantum theory 606 $aPhilosophy and science 606 $aHistory and Philosophical Foundations of Physics$3https://scigraph.springernature.com/ontologies/product-market-codes/P29000 606 $aQuantum Physics$3https://scigraph.springernature.com/ontologies/product-market-codes/P19080 606 $aPhilosophy of Science$3https://scigraph.springernature.com/ontologies/product-market-codes/E34000 615 0$aPhysics. 615 0$aQuantum theory. 615 0$aPhilosophy and science. 615 14$aHistory and Philosophical Foundations of Physics. 615 24$aQuantum Physics. 615 24$aPhilosophy of Science. 676 $a501 676 $a530 676 $a530.01 676 $a530.12 700 $aFreire Junior$b Olival$4aut$4http://id.loc.gov/vocabulary/relators/aut$01061443 906 $aBOOK 912 $a9910300409303321 996 $aThe Quantum Dissidents$92518834 997 $aUNINA